Loading...
| Current Events | 3 | 10.00 | 67% | 33% | 0% |
| Fine Arts - Classical Music | 9 | 17.78 | 100% | 67% | 11% |
| Fine Arts - Other Fine Arts | 10 | 23.00 | 100% | 90% | 40% |
| Fine Arts - Painting and Sculpture | 2 | 30.00 | 100% | 100% | 100% |
| Geography | 3 | 10.00 | 67% | 33% | 0% |
| History - American History | 6 | 16.67 | 100% | 50% | 17% |
| History - European History | 5 | 22.00 | 100% | 80% | 40% |
| History - Other History | 5 | 20.00 | 100% | 60% | 40% |
| History - World History | 8 | 23.75 | 100% | 88% | 50% |
| Literature - Drama | 5 | 22.00 | 100% | 80% | 40% |
| Literature - Long Fiction | 9 | 22.22 | 89% | 100% | 33% |
| Literature - Misc Literature | 2 | 20.00 | 100% | 100% | 0% |
| Literature - Poetry | 4 | 17.50 | 100% | 75% | 0% |
| Literature - Short Fiction | 3 | 20.00 | 100% | 67% | 33% |
| Mythology | 5 | 22.00 | 100% | 100% | 20% |
| Other Academic | 7 | 15.71 | 71% | 57% | 29% |
| Philosophy | 4 | 22.50 | 100% | 75% | 50% |
| Religion | 2 | 15.00 | 100% | 0% | 50% |
| Science - Biology | 6 | 10.00 | 83% | 17% | 0% |
| Science - Chemistry | 6 | 11.67 | 100% | 17% | 0% |
| Science - Other Science | 6 | 10.00 | 83% | 17% | 0% |
| Science - Physics | 7 | 7.14 | 71% | 0% | 0% |
| Social Science | 10 | 23.00 | 90% | 90% | 50% |